000
00325nam a22001457a 4500
008
230124b ||||| |||| 00| 0 eng d
020
_a
9780321841803
041
_a
eng
080
_2
FIFTH EDITION
_a
573
082
_a
573FRE
100
_a
16
101
_a
BIOLO
245
_a
BIOLOGICAL SCIENCE
_c
FREEMAN
942
_2
udc
_c
BK
999
_c
59269
_d
59269